00757nam a2200181 a 450000100100000000500170001000800410002704000250006808200150009310000400010824500830014826000400023130000280027159000270029995201130032695201190043999900170055800004780620201002060740.0180810s200u dr a 000 0 spa d aDO-SdBNPbspacBNPHU axxxxbxxxx1 aJoseph Espinosa, Teofilo Ml.97539410aTrayectoria del pensamiento político de Dios /cTeofilo Ml. Joseph Espinosa. aSanto Domingo, :b[s.d.],c[200-.]. a404 p. :bil. ;c25 cm. aInventariado, 2018/ YL 0010718PDaPDbPDcCTd2018-08-10iLF1l0oxxxx xxxxp47806-10r2020-06-25w2020-06-25yLFPDZNo se presta 0010718PDaPDbPDcCTd2018-08-10iLF1l0oxxxx xxxxp47806-20r2020-06-25te. 2w2020-06-25yLFPDZNo se presta c47294d47294